Central Library OPAC University of Rajshahi

ভাষাতত্ত্ব / (Record no. 54202)

MARC details
000 -LEADER
fixed length control field 00894nam a22002537a 4500
001 - CONTROL NUMBER
control field 54202
003 - CONTROL NUMBER IDENTIFIER
rucl marc code BD-RjUL
005 - DATE AND TIME OF LATEST TRANSACTION
control field 20211209080103.0
008 - FIXED-LENGTH DATA ELEMENTS--GENERAL INFORMATION
fixed length control field 160818s1987 ii a|||| |||| 001 0 ben d
020 ## - INTERNATIONAL STANDARD BOOK NUMBER
Terms of availability : TK 55.00
035 ## - SYSTEM CONTROL NUMBER
System control number (BD-RjUL) 54324
040 ## - CATALOGING SOURCE
Original cataloging agency BD-RjUL
Language of cataloging ben
Transcribing agency BD-RjUL
041 ## - LANGUAGE CODE
Language code of text/sound track or separate title ben
082 ## - DEWEY DECIMAL CLASSIFICATION NUMBER
Edition number 23
Classification number 410
Author mark and year MOB 1987
100 1# - MAIN ENTRY--PERSONAL NAME
Personal name মজুমদার, অতীন্দ্র
9 (RLIN) 118543
245 10 - TITLE STATEMENT
Title ভাষাতত্ত্ব /
Statement of responsibility, etc. অতীন্দ্র মজুমদার
250 ## - EDITION STATEMENT
Edition statement পরি. সংশো . সং.
260 ## - PUBLICATION, DISTRIBUTION, ETC. (IMPRINT)
Place of publication, distribution, etc. কলকাতা :
Name of publisher, distributor, etc. নয়া প্রকাশ,
Date of publication, distribution, etc. ১৯৮৭
300 ## - PHYSICAL DESCRIPTION
Pagination [৫], ২৭১ পৃ. :
Illustrations চিত্র ;
Size ২২ সেমি.
500 ## - GENERAL NOTE
General note নির্ঘন্ট সংযুক্ত
650 ## - SUBJECT ADDED ENTRY--TOPICAL TERM
Topical term or geographic name as entry element ভাষাবিদ্যা
9 (RLIN) 122706
Topical term or geographic name as entry element Linguistics
9 (RLIN) 121209
942 ## - ADDED ENTRY ELEMENTS (KOHA)
Source of classification or shelving scheme Dewey Decimal Classification
Koha item type Books
Holdings
Lost status Source of classification or shelving scheme Damaged status Not for loan Collection code Permanent Location Current Location Shelving location Date acquired Source of acquisition Cost, normal purchase price Total Checkouts Full call number Date last seen Date checked out Copy number Koha item type
  Dewey Decimal Classification     Non-fiction Central Library, University of Rajshahi Central Library, University of Rajshahi   26/05/1996 Bangla Academy, Dhaka 300.00 4 B 410 MOB 1987 09/04/2023 27/03/2023 C-2 Books
  Dewey Decimal Classification     Non-fiction Central Library, University of Rajshahi Central Library, University of Rajshahi   25/09/1996 Uttorbango lib.,Rajshahi. 77.00 12 B 410 MOB 1987 05/02/2024 15/01/2024 C-3 Books
  Dewey Decimal Classification   Not For Loan Non-fiction Central Library, University of Rajshahi Central Library, University of Rajshahi Reading Room 06/12/2023       B 410 MOB 1987 06/12/2023   C-1 Books